Το κράτος και η παγκόσμια πόλη

Αποθηκεύτηκε σε:
Λεπτομέρειες βιβλιογραφικής εγγραφής
Κύριος συγγραφέας: Sassen, Saskia
Άλλοι συγγραφείς: Καλαμαράς, Παναγιώτης (Επιμελητής έκδοσης)
Μορφή: Βιβλίο
Γλώσσα:Greek
English
Δημοσίευση: Αθήνα : Ελευθεριακή κουλτούρα, 2001
Θέματα:
Ετικέτες: Προσθήκη ετικέτας
Δεν υπάρχουν, Καταχωρήστε ετικέτα πρώτοι!

MARC

LEADER 00000nam a2200000 i 4500
001 1/76175
008 080227s2001 gre d
035 |l 10095110 
040 |a GR-MY-UA  |b gre  |e aacr 
041 1 |a gre  |h eng 
082 0 |a 332.042  |2 (22) 
100 1 |a Sassen, Saskia. 
245 1 3 |a Το κράτος και η παγκόσμια πόλη /  |c Saskia Sassen ; επιμέλεια Παναγιώτης Καλαμαράς 
260 |a Αθήνα :   |b Ελευθεριακή κουλτούρα,   |c 2001 
300 |a 55 σ.;  |c 21 εκ. 
500 |a Επίμετρο: Ορίζοντες πιθανών αστεακών τόπων 
650 0 0 |a Financial services industry. 
650 0 0 |a International finance. 
650 0 0 |a International economic relations. 
700 1 |a Καλαμαράς, Παναγιώτης.  |4 edt 
852 |a INST  |b LESVOS  |e 20080227  |h 332.042 SAS  |p 005100040629  |q 005100040629  |t BK  |y 0 
901 |a BIBL1-2008-1 
909 |a Λ  |b 144536 
922 |a 1ΕΛΗ  |b 200801  |c ΕΠΕΑΕΚ2/ΤΓ  |d Σ. ΠΑΤΑΚΗΣ 
970 |a ΧΑΤΖΗΜΙΧΑΗΛ  |b ΜΑΡΙΑ  |z 2008/02/27